000 01115cam a2200289 a 4500
003 CO-BoRNBP
005 20230403153924.0
007 ta
008 070201s2006 ck ao r 000 0 spa d
020 _a9588156823
040 _aCO-BoRNBP
_bspa
_erda
_cCO-BoRNBP
041 _aspa
082 0 4 _a720.986
_bS15
100 1 0 _aSantos Molano, Enrique
_d1942-
_9682
245 0 0 _aBogotá 360°
_bla ciudad interior
_ctextos Enrique Santos Molano ; dirección y diseño y edición Benjamín Villegas ; fotografía Cristóbal von Rothkirch
250 _a1a edición
264 _aBogotá
_bVillegas Editores
_c2006
300 _a189 páginas
_c19 cm.
_bilustraciones
336 _atexto
_btxt
_2rdacontent
337 _asin mediación
_bn
_2rdamedia
338 _avolumen
_bnc
_2rdacarrier
650 1 4 _aPatrimonio cultural y urbanístico
_zBogotá (Colombia)
_vFotografías
_2LEMB
_9683
650 1 4 _aArquitectura
_xEdificios
_zBogotá (Colombia)
_vFotografías
_2LEMB
_9684
700 1 0 _aVillegas Jiménez, Benjamín
_d1948-
_edirector
_9685
700 1 0 _aRothkirch, Cristóbal von Rothkirch
_efotógrafo
_9686
942 _2ddc
_cBK
999 _c9296
_d9296